Zwei-Säulen-Konzept.

Integrácia finančného trhu a jej dva piliere: vnútorný finančný trh a vytváranie pobočiek v zahraničí. Zosilnenie konkurencie na európskom finančnom trhu a reakcie na prvky vytváraného európskeho trhu v SRN. Prísna vnútorná organizácia stredných bánk. Rast významu controllingu. Veľkosť bánk v nových...

Descrizione completa

Salvato in:
Dettagli Bibliografici
Autore principale: Rempsberger, H.
Natura: Capitolo di libro
Lingua:tedesco
Soggetti:
Tags: Aggiungi Tag
Nessun Tag, puoi essere il primo ad aggiungerne!!

MARC

LEADER 00000naa a2200000 4500
001 r007706
005 20221208123521.7
041 0 |a ger 
044 |a DE 
245 1 0 |a Zwei-Säulen-Konzept.  |c H. Rempsberger 
520 |a Integrácia finančného trhu a jej dva piliere: vnútorný finančný trh a vytváranie pobočiek v zahraničí. Zosilnenie konkurencie na európskom finančnom trhu a reakcie na prvky vytváraného európskeho trhu v SRN. Prísna vnútorná organizácia stredných bánk. Rast významu controllingu. Veľkosť bánk v nových podmienkach finančného trhu. Princípy pôsobenia nemeckých bánk v zahraničí (organizačná adekvátnosť, dualizmus miesta..). Ponuka finančných služieb v zahraničných ekonomických aktivitách. 
610 2 0 |a trh finančný 
610 2 0 |a integrácia 
610 2 0 |a Európa 
610 2 0 |a Nemecko 
610 2 0 |a konkurencia 
610 2 0 |a banky 
610 2 0 |a kontroling 
610 2 0 |a služby 
100 1 |a Rempsberger, H.